00709nam a22001217a 45001100034000002450054000342640036000883000019001249520139001439520144002829520144004269990017005701 aUniversidad del Caribe91878704aLIV Quincuagésima cuarta graduación ordinaria aSanto Domingo :bBúho,c2024. a12 páginas : 00102ddc405170aBNPHUbBNPHUd2025-02-05eDepósito Legall0p2025-2274r2025-03-31w2025-03-31yLF2zEn proceso de descripción 00102ddc405170aBNPHUbBNPHUd2025-02-05eDepósito Legall0p2025-2275r2025-03-31te.2w2025-03-31yLF2zEn proceso de descripción 00102ddc405670aBNPHUbBNPHUd2025-02-05eDepósito Legall0p2025-2276r2025-03-31te.3w2025-03-31yLF2zEn proceso de descripción c58530d58530